=LDR 00000nam 2200000 4500 =001 INLIS000000000012190 =005 20130612103728 =008 ***********************************Ind** =035 ##$$0010-061300000012190 =041 ##$$a Ind =082 ##$$a 668.62 =090 ##$$a 668.62, San p =100 ##$$a Santoso, Hieronymas Budi =245 ##$$a Pupuk kompos, Hieronymes Budi Santoso =260 ##$$a 1988 $b Yogyakarta =300 ##$$a 28 hlm., Ilus, 20 cm =650 ##$$a Pupuk (kompos) =850 ##$$a NBPNMAT